Paris climate agreement: Is US in the wrong camp (Record no. 64602)

MARC details
000 -LEADER
fixed length control field 00396nam a2200157Ia 4500
100 ## - MAIN ENTRY--AUTHOR NAME
Personal name Rumao L
245 #0 - TITLE STATEMENT
Title Paris climate agreement: Is US in the wrong camp
260 ## - PUBLICATION, DISTRIBUTION, ETC. (IMPRINT)
Name of publisher Tyre Asia
Year of publication 2017
300 ## - PHYSICAL DESCRIPTION
Number of Pages 26,27,118
500 ## - GENERAL NOTE
General note Source Year: 2017
650 ## - SUBJECT ADDED ENTRY--TOPICAL TERM
Topical Term Climate agreement
650 ## - SUBJECT ADDED ENTRY--TOPICAL TERM
Topical Term Paris
650 ## - SUBJECT ADDED ENTRY--TOPICAL TERM
Topical Term Paris agreement
942 ## - ADDED ENTRY ELEMENTS (KOHA)
Koha item type Journals
Holdings
Withdrawn status Lost status Damaged status Not for loan Home library Current library Shelving location Date acquired Serial Enumeration / chronology Koha item type
      Journals RRII Library RRII Library Climate change 17/12/2021 Volume 8, Issue 3 Journals